00699nam a2200181 4500001000700000003000900007007000300016008004100019100003400060245013300094250001200227260004600239300002200285700003900307852003100346999001900377952012100396131145ES-MaACLt|070214s1970 mx r ||||1| spa d1 aRobichek, Alexander A.99786310aInvestigaciones y decisiones financieras y administrativas / cAlexander A. Robichek ; [versión... Mario Bracamonte Cantolla]. a1ª ed. aMéxico [etc.] : bLimusa-Wiley, c1970. a276 p. ; c23 cm.1 aBracamonte Cantolla, Mario.931230 aES-MaACLjE-7268 bR.91326 c131145d131145 00104070aATENEOMbATENEOMcDEPO2d2008-01-17eSCl0oE-7268p1136536r2023-02-23 00:00:00w2023-02-23yMONOGRAFIA